[Event "GMA, Wijk aan Zee NED"]
[Site "?"]
[Date "2003.??.??"]
[Round "1"]
[White "Anand,V"]
[Black "Radjabov,T"]
[Result "1/2"]
[WhiteElo "2750"]
[BlackElo "2620"]
[PlyCount "55"]
[Annotator "Hathaway"]

1. e4 e6
{ I'm not terribly familiar with the style of Radjabov, so I don't know if this is his usual opening. }
2. d4 d5 3. Nc3 Nf6 (3...Bb4 
{ The Winawer Variation is probably best, though not as easy to play. }) 4. Bg5
{ threatens e4-e5xf6 }
 (4. e5 
{ keeps pieces on the board and avoids ...dxe4 }) 4...Bb4 (4...Be7 
{ is more common and aims to trade dark-square bishops to ease Black's cramp }) (4...dxe4 
{ aims to avoid any cramp by bringing pieces into alignment for trading, though White does get at least one very good piece (Ne4 or Bg5) and an easier time castling queen-side, to stir up king-side threats }
 5. Nxe4 Be7  (
{ or Rubinstein's }
 5...Nbd7) ) 5. e5 h6 6. Bd2 (6. Bh4 g5 7. exf6 gxh4 
{ Black seems to equalize a little easier after this as he can win Pf6 in exchange for Ph4. }) 6...Bxc3 (6...Nfd7 7. Qg4 
{ and White isn't incurring any weaknesses, but is either gaining Bb4 for Nc3 or after ...Bb4-f8 Black is cramped again }
  (7. Nb5 $5 Bxd2+ 8. Qxd2 a6 9. Na3) ) 7. bxc3 Ne4 8. Qg4
{ White immediately takes aim at the backward Pg7 & Rh8 and usually Pf7 & Ke8. For the moment Bd2 serves to defend Pc3 and to prevent ...Qd8-g5 (offering a queen trade to end the pressure) . }
 (
{ While }
 8. h4 
{ is often useful in the French Defense with this pawn structure, I don't know that it's been tried in this opening on this move. }) 8...g6 9. Bd3 (9. h4 
{ could take over for Bd2 in guarding g5 and preparing a later attack by f2-f4, h4-h5 or vice versa. It also would allow Rh1 to develop to build the direct frontal threats to Pf7 & Pg6. }
 9...c5 10. Bd3 Nxd2 11. Kxd2 Qa5 12. dxc5 Qxc5 13. Ne2 Qxf2 $4 14. Raf1 Qc5 15. Bxg6 fxg6 16. Qxg6+)  (9. Qd1 
{ Fritz7; Odd! }) 9...Nxd2 10. Kxd2 c5 11. Nf3
{ This has been considered the main line for many years, but I wonder if White can allow ...c5-c4 and not use more pawns to fight through Black's pawns. }
 (11. dxc5 
{ is probably still wrong because of ...Qg5+ }) (11. h4 
{ still makes sense }) 11...Bd7 (11...c4 $6 
{ The problem with this is that however much it slows White, it also limits Black's queen-side offensive possibilities. }) (
{ Prematurely playing }
 11...cxd4 
{ lets White straighten-out his pawns and Black has made no real progress. }
 12. cxd4)  (11...Qa5 $5 
{ Fritz7: with the idea of ...cxd4 }) 12. dxc5 Qe7 13. Rab1 Bc6 14. Nd4 Nd7
{ These last few moves have been quite unusual for a French Defense, but they make sense; Qe7 defends Pf7 while Bc6 defends Pb7 and Nd7 threatens Pc5 & Pe5. }
15. Rhe1 (15. Nxc6 bxc6 16. Rb7 Qxc5 17. Qf4 g5 18. Qd4 Qa5 19. Rb2 c5 $11 
{ Fritz7 }) 15...Nxc5 16. Re3
{ another way of getting the rook into position, in front of the king-side pawns, to threaten Black's king-side pawns }
16...h5 17. Qg3 O-O-O
{ After this it would seem Black's pieces can handle any threats White can generate. However, black might also have ideas of winning. How might he do that? Well, ...Be8, ...Kc8-b8-a8, ...Rd8-c8, ...Nc5-a4 and Pc3 is a target (slow I know) . Another idea is to keep Kd2 from ever escaping to safety by advancing ...h5-h4-h3 to break open the king-side and open the h-file for Black's rooks. }
 (17...h4 $15 
{ Fritz7 }) (17...Nxd3 $15 
{ Fritz7 }) 18. Ke1 Qc7 (18...h4 19. Qg4 Rh5) 19. h4
{ Anand aims to keep the king-side perfectly safe to ensure a draw. }
 (19. Qh4 
{ Fritz7 }) 19...Qa5 20. Kf1 (20. Nxc6 bxc6 21. Kf1 Kd7 20. Qf4 Ke8 $11 
{ Fritz7 }) 20...Rd7 (
{ Premature is }
 20...Qxa2 21. Ree1 Qa5  (21...Ba4 $11 
{ Fritz7 })  22. Ra1 Qxc3 23. Nxc6 bxc6 24. Ba6+ $18) 21. Qf4
{ This general activity is perfect. It threatens Pf7, defends Nd4 and in some cases prepares for Qf4-b4 to attack Kc8. }
 (21. Ree1 
{ Fritz7 }) (21. Nxc6 bxc6 22. Ree1 
{ Fritz7 }) 21...Rhd8
{ Black is probably wondering why he organized his pieces to only defend light squares. Only Qa5 and Nc5 can get to dark squares and that makes White's task of coordinating much easier. }
 (21...Qxa2 
{ still premature }
 22. Nxc6 bxc6 23. Qb4 Nb7 24. Ree1)  (21...Qxc3 $4 22. Nxc6 bxc6 23. Ba6+)  (21...Rc7 $14 
{ Fritz7 }) (21...Na4 $14 
{ Fritz7 }) 22. Kg1 (22. Nxc6 bxc6 23. Qb4 Qxb4 24. cxb4 d4 25. Ree1 Na4 $11 
{ Fritz7 }) 22...Nxd3 23. Rxd3 (23. cxd3 Qxc3 24. Rg3 Rc7 $14 
{ Fritz7 }) 23...Qc5 (23...Qxa2 24. Rdd1 Qc4 $11 
{ Fritz7 }) 24. Rb4 a5 $2 (24...Rc7 
{ Mark and Fritz7 agree! }) 25. Rb1 Rc7 26. Qc1 Be8 27. Nb3 (27. Qb2 
{ If White commits too quickly to the b-file then Black might actually create some play against Ph4 and on the c-file. }
 27...Qe7  (27...a4 $11 
{ Fritz7 })  28. Nf3 Rc4 
{ possibly preparing ...b5 }) 27...Qb6 (27...Qc4 28. Nxa5 Qxh4 $14 
{ Fritz7 }) 28. Nd4
{ Black created the weakness (Pa5) and can't quite defend it, so Anand forces a draw. }
1/2-1/2

[Event "GMA, Wijk aan Zee NED"]
[Site "?"]
[Date "2003.??.??"]
[Round "1"]
[White "Polgar,Ju"]
[Black "Topalov,V"]
[Result "1/2"]
[WhiteElo "2700"]
[BlackElo "2740"]
[PlyCount "72"]
[Annotator "Hathaway"]

1. e4 c5 2. Nf3 Nc6
{ This is rapidly becoming the most commonly played move amongst the top GMs. }
3. d4
{ This is the more-or-less Classical approach: move a couple of pawns, develop rapidly and look for ways to utilize those pieces. }
 (3. Nc3 
{ is another recent innovation which is based on the idea that it's still unclear where Bf1 should be developed and it's not yet certain that White should play d2-d4. Another similar idea is to meet 2...d6 with 3. Bc4, not committing to a severe weakening of the a1-h8 diagonal. }) 3...cxd4 4. Nxd4 Nf6 (4...g6 
{ The Accelerated Dragon is interesting, but can be met by c2-c4 (Maroczy Bind) . }) 5. Nc3 e5
{ Sveshnikov - The idea is to control the center with his extra pawn (Pd7 & Pe7 vs. White's Pe4) and to do so in a way that lets him activate his two bishops more fully than in a Scheveningen; it's somewhat like a Boleslavsky set-up. But, White's pieces aren't placed the same as in a Boleslavsky; instead White goes directly for the weak spots and induces as much weakness in Black's position as possible (capitalizing if possible) . }
 (5...d6)  (5...e6) 6. Ndb5
{ aiming to invade at d6 to gain a bishop for the knight. It forces Black to play ...d7-d6 which blocks-in Bf8. Black will have at least one bad bishop and a weak d5 square. }
6...d6 7. Bg5
{ Removing Nf6 will ensure White control of d5 for some time and perhaps force a weakened king-side pawn structure which might be exploited later. }
7...a6 8. Na3 (8. Bxf6 gxf6 9. Na3) 8...b5
{ When this opening was originally played it was thought ...Bc8-e6 was best, but ...b5 (the Chelyabinsk Variation) has become most common. There's the immediate threat of ...b4 and it offers ...Bc8-b7 as an option. It also prevents Bf1-c4. }
9. Nd5 (9. Bxf6 gxf6 10. Nd5) 9...Be7 10. Bxf6 Bxf6 11. c3
{ preparing several things at once: Bf1-e2 while avoiding ...Nd4 and clearing for Na3-c2. After all that it holds square b4, so that a2-a4 threatens massive destruction of Black's queen-side. }
11...Bg5
{ Black has the two bishops, but no immediate way to use them, so he develops normally and hangs on for dear life. }
12. Nc2 O-O 13. a4 bxa4 14. Rxa4 a5 15. Bc4
{ The plan with Bf1-c4 is one Kasparov has played and it tries to keep control of the position to allow a longer build-up before White tries to win. }
 (15. h4 
{ doesn't necessarily gain more than it gives up. White's king-side isn't as safe as before. Instead, it's probably better to focus on the queen-side with moves like Bf1-b5, O-O and so-on. }
 15...Bh6) 15...Rb8
{ prevents Bc4-b5, threatens Pb2 and avoids problems stemming from the pin on Pa5 }
16. b3 Kh8
{ At last, Black can preparing some offense with ...f7-f5, though it's hard to see how he can achieve much when Rb8 & Nc6 are tied to the defense. On the other hand, Nc2 isn't particularly active at the moment, so White hasn't many defensive pieces on the king-side. }
17. O-O f5 18. exf5 Bxf5
{ This seems to me to be a key moment for White: it's from here she has to decide on a middle-game plan which will range across the entire board. Black isn't making any specific threats just yet, but the two bishops (Bf5, Bg5) and Rf8 look ominous. I'd suggest not letting Bg5 move to clear for ...Qd8-g5 or ...Qd8-h4, but there is also ...Qd8-e8-g6, so White has to act fast before a calamity happens. }
19. Qe2 (19. Nce3 
{ Fritz7 }) (19. b4 $5 axb4 20. Ncxb4  (20. cxb4 Bxc2 21. Qxc2 Nd4)  20...Nxb4  (20...Ne7 $4 21. Nxe7 Qxe7 22. Nc6)  21. cxb4 Rb7) 19...Bg6 20. Bd3 (20. Nce3 
{ Fritz7 }) 20...Be8 (20...Bxd3 
{ Tactically Black might be satisfied with the following, but giving up the light-square bishop is unappealing when there is so little else he has to fight with on light squares. Fritz7 likes it. }
 21. Qxd3 Rxb3 22. Qc4 Rb2 23. Qxc6 Rxc2) 21. Ra3 Ne7
{ If he's going to fight on light squares then it certainly makes sense to consider ...Ne7, but it weakens Pa5. A key question still remains and that's how Black might try to use Bg5 and how White can reposition Nc2. It might become obvious that Nc2-e3 is necessary, even if it allows Black to trade-off Bg5. }
22. Be4 (22. Nce3 
{ Fritz7 }) 22...Nxd5 (22...Bb5 $2 23. Qh5 
{ and suddenly everything is complicated! }) 23. Bxd5 Qb6
{ "hitting" e3 to make Nc2-e3 less appealing to White. It also stays in touch with Pa5 and Pb3 and cooperates with Bg5 at a distance. This isn't a plan to win the game, just to maintain cohesion of his position and to keep a little pressure on White. Now is the time for White to return to the main idea of removing Pa5 to make Pb3 a passer. }
 (23...Qc7 
{ Fritz7 }) 24. b4 (24. Rfa1 
{ Mark and Fritz7 agree! }) 24...axb4 25. Nxb4
{ Though cxb4 would make a passer it also allows ...Bb5 and leaves Nc2 awkwardly placed. Nb4 can be useful and there is still some hope of playing simultaneously against Pd6 and Ph7. }
25...Qc5
{ threatening ...Rxb4 and ...Qxd5 or ...Bb5 }
26. Qa2 Bb5 27. c4
{ White courageously gambits a pawn to keep Rf1 securely defending Pf2 and to keep solid light-square control (so, after all this Black does get to trade a bishop for the knight, just not Bg5!) . }
 (27. Re1 Be3 28. Bf3 
{ Fritz7 }) 27...Bxc4 (27...Qxb4 28. cxb5) 28. Bxc4 Rxb4 29. Ra8
{ Forcing rook and queen trades will lead to a drawn bishop of opposite color ending. Bc4 is safe for the moment as White threatens Rxf8#. }
29...Rbb8 30. Rxb8 Rxb8 31. Bd5 g6 32. g3 Kg7 33. Kg2 Qd4 34. Bc6 Qc5 35. Bf3 Re8 36. Rb1 e4
{ At the end Polgar could force an entry to Black's king with 37. Ra7+ Kh6 38. Bxe4 Rxe4 39. Qf7. Curiously, Polgar also drew a pawn-down ending against Kramnik (in this event) , beginning with this same opening. One has to wonder what brought the position to this; where White was doing well, but then has to give a pawn and hope to draw. Isn't this a mysterious kind of thing? I suppose White was not fully developed and active (Nc2) and holding back to avoid trades gave Black compensation for the other weaknesses in Black's position. In the end it was those same weaknesses which gave White compensation for the lost pawn. It's back to the drawing board to find a better plan for White. }
1/2-1/2

[Event "GMA, Wijk aan Zee NED"]
[Site "?"]
[Date "2003.??.??"]
[Round "1"]
[White "Grischuk,A"]
[Black "Van Wely,L"]
[Result "1/2"]
[WhiteElo "2710"]
[BlackElo "2665"]
[PlyCount "76"]

1.e4 c5 2.Nf3 Nc6 3.Bb5 g6 4.Bxc6 dxc6 5.d3 Bg7 6.h3 Nf6 7.Nc3 c4 8.O-O 
cxd3 9.cxd3 c5 10.Be3 b6 11.d4 cxd4 12.Bxd4 O-O 13.Qa4 Qd7 14.Qb4 Qd6 15.Qb5 
Qd7 16.Qe2 Qb7 17.Rad1 Bd7 18.Ne5 Rad8 19.Ng4 Bc6 20.Nxf6+ exf6 21.f3 Rd6 
22.Be3 Rfd8 23.Rxd6 Rxd6 24.Rd1 Qd7 25.Rxd6 Qxd6 26.Qa6 Qd7 27.a4 f5 28.exf5 
gxf5 29.Qc4 h6 30.b3 Kh7 31.Ne2 Qd1+ 32.Kf2 Bd5 33.Qf4 Qc2 34.Kg3 Qxe2 
35.Qxf5+ Kg8 36.Qc8+ Kh7 37.Qf5+ Kg8 38.Qc8+ Kh7 1/2

[Event "GMA, Wijk aan Zee NED"]
[Site "?"]
[Date "2003.??.??"]
[Round "1"]
[White "Kramnik,V"]
[Black "Ivanchuk,V"]
[Result "1/2"]
[WhiteElo "2805"]
[BlackElo "2695"]
[PlyCount "82"]

1.e4 c5 2.Nf3 d6 3.d4 cxd4 4.Nxd4 Nf6 5.Nc3 Nc6 6.Bg5 e6 7.Qd2 a6 8.O-O-O 
Bd7 9.f3 Be7 10.Kb1 b5 11.Nxc6 Bxc6 12.Bxf6 Bxf6 13.Qxd6 Qxd6 14.Rxd6 Rc8 
15.Ne2 Ke7 16.Rd3 Rhd8 17.Nc1 a5 18.a3 b4 19.axb4 axb4 20.Rxd8 Rxd8 21.Be2 
h5 22.Nd3 Rd4 23.h4 Bb5 24.g3 b3 25.Re1 Bxd3 26.Bxd3 Be5 27.f4 Bd6 28.Re3 
bxc2+ 29.Kxc2 Bc5 30.Rf3 Ra4 31.e5 Bd4 32.Be2 g6 33.Rb3 Bf2 34.Rf3 Be1 
35.Bd3 Kf8 36.Re3 Bf2 37.Rf3 Be1 38.Kd1 Ra1+ 39.Ke2 Bb4 40.Bb5 Ra2 41.Rb3 
Ba3 1/2

[Event "GMA, Wijk aan Zee NED"]
[Site "?"]
[Date "2003.??.??"]
[Round "1"]
[White "Shirov,A"]
[Black "Timman,J"]
[Result "1/2"]
[WhiteElo "2720"]
[BlackElo "2590"]
[PlyCount "75"]

1.e4 e6 2.d4 d5 3.Nc3 Bb4 4.e5 c5 5.a3 Bxc3+ 6.bxc3 Ne7 7.Qg4 O-O 8.Bd3 
f5 9.exf6 Rxf6 10.Bg5 Rf7 11.Qh5 g6 12.Qd1 Nbc6 13.Nf3 Qf8 14.O-O c4 15.Be2 
h6 16.Bc1 Kh7 17.a4 Bd7 18.Ba3 Qb8 19.Qd2 Nf5 20.Rab1 b6 21.a5 Qd8 22.axb6 
axb6 23.Bc1 g5 24.Ne5 Nxe5 25.dxe5 Qc7 26.Bh5 Rg7 27.Bg4 Rf7 28.f4 Qc5+ 
29.Qf2 gxf4 30.Bxf4 Qxf2+ 31.Rxf2 b5 32.Be3 Kg6 33.Bc5 h5 34.Bf3 Rc8 35.Bb4 
Bc6 36.h3 R8c7 37.Kh2 Nh4 38.Rbf1 1/2